| 000 | 01094nim a2200301Ia 4500 | ||
|---|---|---|---|
| 999 |
_c130 _d130 |
||
| 001 | 21405243 | ||
| 003 | OSt | ||
| 005 | 20180807200523.0 | ||
| 007 | ss-lmnjlc----- | ||
| 008 | 900420s1973 mnunnn r l eng d | ||
| 035 | _atcgc179988 | ||
| 040 |
_aITC _cITC _dTSM |
||
| 082 |
_a242,2 _bR569C |
||
| 090 |
_aBV4520 _b.R54 1973 |
||
| 100 | 1 | _aRiggs, Charlie. | |
| 245 | 1 | 0 |
_aChristian life & witness course _h[sound recording] / _c[by Charlie Riggs]. |
| 246 | 3 | _aChristian life and witness course. | |
| 260 |
_aMinneapolis, Minn. : _bWorld Wide Pub., _cc1973. |
||
| 300 |
_a4 sound cassettes (ca. 240 min.) : _banalog. |
||
| 500 | _aSpeaker's name from back of container. | ||
| 500 | _a"A ministry of the Billy Graham Association." | ||
| 500 | _a"Decision tape library." | ||
| 505 | 0 | _aTape 1. The effective Christian life -- Tape 2. The balanced Christian life -- Tape 3. Sharing your faith -- Tape 4. Operation Andrew and follow-up. | |
| 650 | 0 | _aWitness bearing (Christianity) | |
| 650 | 0 | _aChristian life. | |
| 710 | 2 | _aBilly Graham Evangelistic Association. | |
| 942 |
_2ddc _cBK |
||